| 000 | 00390nam a2200145 i 4500 | ||
|---|---|---|---|
| 001 | 82641 | ||
| 003 | ES-MaACL | ||
| 005 | 20230906174716.0 | ||
| 007 | t| | ||
| 008 | 041111s1958 sp ||||1| spa d | ||
| 245 | 0 | 0 | _aImpuestos y contribución de la Hacienda Pública. |
| 260 |
_aMadrid : _bV.A.S.A., _c1958 ( _fSolís) |
||
| 300 |
_a94 p. ; _c23 cm. |
||
| 852 |
_aES-MaACL _jC-24456 _bR.41999 |
||
| 999 |
_c82641 _d82641 |
||